| 000 | 00581nam a2200169 a 4500 | ||
|---|---|---|---|
| 008 | 201202s2007 ||||||||||||||||| || u | ||
| 020 | _a9780552559584 | ||
| 050 | _aPZ 7.H3134 | ||
| 100 | _aHawking, Stephen | ||
| 245 | 1 | 0 |
_aGeorge's secret key to the universe _cBy Lucy Hawking; Stephen hawking |
| 260 |
_aLondon _bCorgi Books _c2007 |
||
| 300 | _a295 pages | ||
| 350 | _a14.32 | ||
| 650 | _aENGLISH LANGUAGE | ||
| 700 | _aHawking, Lucy | ||
| 995 |
_FCBU-MAIN LIBRARY (Kitwe) _I14.32 _M1 _UAVAILABLE _WDec 11, 2020 _ZFiction Collection |
||
| 999 |
_c44522 _d44522 |
||